Understanding Business (Record no. 4052)
[ view plain ]
| 005 - DATE AND TIME OF LATEST TRANSACTION | |
|---|---|
| control field | 20250614081845.0 |
| 020 ## - INTERNATIONAL STANDARD BOOK NUMBER | |
| International Standard Book Number | 0-07-232054-0 |
| 082 ## - DEWEY DECIMAL CLASSIFICATION NUMBER | |
| Classification number | 650 NIC |
| 100 ## - MAIN ENTRY--PERSONAL NAME | |
| Author name | NICKELS, G. W |
| 245 ## - TITLE STATEMENT | |
| Title | Understanding Business |
| 250 ## - EDITION STATEMENT | |
| Edition statement | 6th Ed. |
| 260 ## - PUBLICATION, DISTRIBUTION, ETC. | |
| Place of publication, distribution, etc. | Boston |
| Name of publisher, distributor, etc. | McGraw-Hill Irwin |
| Date of publication, distribution, etc. | 2002. |
| 300 ## - PHYSICAL DESCRIPTION | |
| Extent | xxxvii, 710p.: ill.; figures, tables, pictures |
| Other physical details | Index, Glossary |
| Dimensions | 28cm |
| 700 ## - ADDED ENTRY--PERSONAL NAME | |
| Other authors/Editors | James m. McHugh |
| 700 ## - ADDED ENTRY--PERSONAL NAME | |
| Other authors/Editors | Susan M. McHugh |
| 942 ## - ADDED ENTRY ELEMENTS (KOHA) | |
| Source of classification or shelving scheme | Dewey Decimal Classification |
| Koha item type | Books |
| Date last seen | Total checkouts | Full call number | Barcode | Cost, replacement price | Price effective from | Koha item type | Lost status | Source of classification or shelving scheme | Damaged status | Not for loan | Withdrawn status | Home library | Current library | Shelving location | Date acquired | Source of acquisition | Cost, normal purchase price |
|---|---|---|---|---|---|---|---|---|---|---|---|---|---|---|---|---|---|
| 06/26/2025 | 650 NIC | DOM0002283 | 330000.00 | 06/26/2025 | Books | Dewey Decimal Classification | CBE Dodoma | CBE Dodoma | General Collection | 06/26/2006 | 110000.00 | ||||||
| 06/26/2025 | 650 NIC | DOM0002284 | 330000.00 | 06/26/2025 | Books | Dewey Decimal Classification | CBE Dodoma | CBE Dodoma | General Collection | 06/26/2006 | 110000.00 | ||||||
| 06/26/2025 | 650 NIC | DOM0002285 | 330000.00 | 06/26/2025 | Books | Dewey Decimal Classification | CBE Dodoma | CBE Dodoma | General Collection | 06/26/2006 | 110000.00 | ||||||
| 06/26/2025 | 650 NIC | DOM0002286 | 330000.00 | 06/26/2025 | Books | Dewey Decimal Classification | CBE Dodoma | CBE Dodoma | General Collection | 06/26/2025 | 110000.00 | ||||||
| 06/26/2025 | 650 NIC | DOM0002287 | 330000.00 | 06/26/2025 | Books | Dewey Decimal Classification | CBE Dodoma | CBE Dodoma | General Collection | 06/26/2006 | 110000.00 | ||||||
| 06/26/2025 | 650 NIC | DOM0002288 | 330000.00 | 06/26/2025 | Books | Dewey Decimal Classification | CBE Dodoma | CBE Dodoma | General Collection | 06/26/2006 | 110000.00 | ||||||
| 06/26/2025 | 650 NIC | DOM0002289 | 330000.00 | 06/26/2025 | Books | Dewey Decimal Classification | CBE Dodoma | CBE Dodoma | General Collection | 06/26/2006 | 110000.00 | ||||||
| 06/14/2025 | 650 NIC | MZA000949 | 330000.00 | 06/14/2025 | Books | Dewey Decimal Classification | CBE Mwanza | CBE Mwanza | General Collection | 06/14/2007 | Library Budget | 110000.00 | |||||
| 06/14/2025 | 650 NIC | MZA000950 | 330000.00 | 06/14/2025 | Books | Dewey Decimal Classification | CBE Mwanza | CBE Mwanza | General Collection | 06/14/2007 | Library Budget | 110000.00 | |||||
| 06/14/2025 | 650 NIC | MZA000951 | 330000.00 | 06/14/2025 | Books | Dewey Decimal Classification | CBE Mwanza | CBE Mwanza | General Collection | 06/14/2007 | Library Budget | 110000.00 | |||||
| 06/14/2025 | 650 NIC | MZA000952 | 330000.00 | 06/14/2025 | Books | Dewey Decimal Classification | CBE Mwanza | CBE Mwanza | General Collection | 06/14/2007 | Library Budget | 110000.00 | |||||
| 06/14/2025 | 650 NIC | MZA000953 | 330000.00 | 06/14/2025 | Books | Dewey Decimal Classification | CBE Mwanza | CBE Mwanza | General Collection | 06/14/2007 | Library Budget | 110000.00 | |||||
| 06/14/2025 | 650 NIC | MZA000954 | 330000.00 | 06/14/2025 | Books | Dewey Decimal Classification | CBE Mwanza | CBE Mwanza | General Collection | 06/14/2007 | Library Budget | 110000.00 | |||||
| 06/14/2025 | 650 NIC | MZA000955 | 330000.00 | 06/14/2025 | Books | Dewey Decimal Classification | CBE Mwanza | CBE Mwanza | General Collection | 06/14/2007 | Library Budget | 110000.00 | |||||
| 06/14/2025 | 650 NIC | MZA000956 | 330000.00 | 06/14/2025 | Books | Dewey Decimal Classification | CBE Mwanza | CBE Mwanza | General Collection | 06/14/2007 | Library Budget | 110000.00 | |||||
| 06/14/2025 | 650 NIC | MZA000957 | 330000.00 | 06/14/2025 | Books | Dewey Decimal Classification | CBE Mwanza | CBE Mwanza | General Collection | 06/14/2007 | Library Budget | 110000.00 |
